福岡市西区(福岡県)の駅 - Statistics

General Stats
  • This quiz has been taken 23 times
  • The average score is 5 of 6
Answer Stats
Answer % Correct
姪浜
95%
橋本
95%
九大学研都市
90%
下山門
81%
今宿
76%
周船寺
76%
No matching quizzes found
Score Distribution
Percent of People with Each Score
Percentile by Number Answered
Your Score History
You have not taken this quiz